01965cam a2200385 45000010008000000030004000080050017000120080041000290100017000700200015000870200021001020200018001230200026001410350012001670400018001790430012001970500017002090820016002261000029002422450142002712600033004133000025004463360026004713370028004973380027005255000041005525050703005936500036012966500048013327300022013809060045014029420015014479990015014629520102014772759694OSt20260511110041.0720321s1972 nyu s 001 0 eng  a 79183387  a0871405520 a0871400677qpbk. a9780871405524 a9780871400673q(pbk.) a2759694 aDLCcDLCdDLC an-us---00aJK1118b.S6500a320.473 POL1 aSmith, Judith G.,ecomp.10aPolitical brokers; money, organizations, power, and people,cby the editors and reporters of National Journal. Edited by Judith G. Smith. aNew York,bLiverightc[1972] axiii, 363 p.c22 cm. atextbtxt2rdacontent aunmediatedbn2rdamedia avolumebnc2rdacarrier a"A Liveright National journal book."0 aAmericans for Democratic Action, ADA, by J. L. Moore.--Americans for Constitutional Action, ACA, by A. J. Glass.--American Medical Political Action Committee, AMPAC, by J. Robinson.--Committee on Political Education, COPE, by J. Cottin and C. Culhane.--Business-Industry Political Action Committee, BIPAC, by J. Cottin.--The National Committee for an Effective Congress, NCEC, by N. Gregory.--National Republican Congressional Committee, by A. J. Glass.--The Ripon Society, by N. Gregory.--Democratic National Committee, DNC, by J. Cottin, A. J. Glass, and N. Gregory.--Common Cause, by A. J. Glass.--Appendix I. 1970 reports of political committees.--Appendix II. Final returns for 1970 elections. 0aPressure groupszUnited States. 0aPolitical action committeeszUnited States.0 aNational journal. a7bcbccorignewd2encipf19gy-gencatlg 2ddccBOOKS c9715d9715 00102ddc4070a1000b1000d2026-05-11l0o320.473 POLpLIB003529r2026-05-11w2026-05-11yBOOKS